000
00294nam a2200109Ia 4500
008
200302s9999 xx 000 0 und d
100
_a
Douglas & Other
245
_a
Environmental Change and Tropical Geomorphology
260
_b
George Allen & Unwin Pvt. Ltd.
260
_c
1985
300
_a
378 P.,
999
_c
5530
_d
5530